| 000 | 00910nam a2200217 i 4500 | ||
|---|---|---|---|
| 001 | 14199 | ||
| 003 | ES-MaACL | ||
| 005 | 20250807213909.0 | ||
| 007 | t| | ||
| 008 | 980626s1997 sp ||||0| spa j | ||
| 040 |
_aM-BN _bspa _cM-BN |
||
| 080 | _a396:316.77(460)(063) | ||
| 245 | 0 | 4 |
_aLas mujeres y los medios de comunicación _b: [jornadas] / _corganizadas por, Dirección General de la Mujer, Consejería de Sanidad y Servicios Sociales, Comunidad de Madrid ; coordinadas por Yolanda Alba. |
| 260 |
_a[Madrid] : _bDirección General de la Mujer, _cD.L. 1997. |
||
| 300 |
_a151 p. : _bgráf. ; _c22 cm. |
||
| 650 | 1 | 4 |
_aMujeres- _xEn los medios de comunicación social- _zEspaña- _vCongresos y asambleas _915343 |
| 700 | 1 |
_aAlba, Yolanda. _919200 |
|
| 710 | 2 |
_aMadrid (Comunidad Autónoma). _bDirección General de la Mujer. _95615 |
|
| 852 |
_aES-MaACL _jL-21385 _bR.126597 |
||
| 999 |
_c14199 _d14199 |
||